<?xml version="1.0" encoding="UTF-8"?><?xml-stylesheet type="text/xsl" href="static/style.xsl"?><OAI-PMH xmlns="http://www.openarchives.org/OAI/2.0/" xmlns:xsi="http://www.w3.org/2001/XMLSchema-instance" xsi:schemaLocation="http://www.openarchives.org/OAI/2.0/ http://www.openarchives.org/OAI/2.0/OAI-PMH.xsd"><responseDate>2026-04-27T20:14:37Z</responseDate><request verb="GetRecord" identifier="oai:uvadoc.uva.es:10324/9036" metadataPrefix="marc">https://uvadoc.uva.es/oai/request</request><GetRecord><record><header><identifier>oai:uvadoc.uva.es:10324/9036</identifier><datestamp>2021-06-30T07:35:54Z</datestamp><setSpec>com_10324_6426</setSpec><setSpec>com_10324_5186</setSpec><setSpec>com_10324_29291</setSpec><setSpec>col_10324_6428</setSpec></header><metadata><record xmlns="http://www.loc.gov/MARC21/slim" xmlns:doc="http://www.lyncode.com/xoai" xmlns:xsi="http://www.w3.org/2001/XMLSchema-instance" xmlns:dcterms="http://purl.org/dc/terms/" xsi:schemaLocation="http://www.loc.gov/MARC21/slim http://www.loc.gov/standards/marcxml/schema/MARC21slim.xsd">
<leader>00925njm 22002777a 4500</leader>
<datafield tag="042" ind1=" " ind2=" ">
<subfield code="a">dc</subfield>
</datafield>
<datafield tag="720" ind1=" " ind2=" ">
<subfield code="a">Pascual Molina, Jesús Félix</subfield>
<subfield code="e">author</subfield>
</datafield>
<datafield tag="260" ind1=" " ind2=" ">
<subfield code="c">2012</subfield>
</datafield>
<datafield tag="520" ind1=" " ind2=" ">
<subfield code="a">En plena ocupación francesa, Valladolid fue el escenario de la proclamación del monarca Fernando VII en octubre de 1808. Para la ocasión se erigió en la Plaza Mayor una arquitectura efímera denominada Templo de la Fama, que sería reutilizada en dos ocasiones más, para festejar la onomástica de José Bonaparte en 1809 y con motivo de la entrada que este realizó en la ciudad en 1811. Damos a conocer nuevos datos sobre su uso y su decoración, para la que se usó retardatariamente la Emblemática de siglos anteriores.</subfield>
</datafield>
<datafield tag="520" ind1=" " ind2=" ">
<subfield code="a">During the French occupation, Valladolid was the scene of the proclamation of the king Ferdinand VII in October 1808. For the occasion an ephemeral architecture denominated Hall of Fame was built in the Plaza Mayor. It was reused in two more occasions, to celebrate the onomastics of Joseph Bonaparte in 1809 and due to his entry in the city in 1811. We present what its decoration consisted in and some facts about its use.</subfield>
</datafield>
<datafield tag="024" ind2=" " ind1="8">
<subfield code="a">BSAA Arte: Boletín del Seminario de Estudios de Arte, 2012, N.78, pags.197-216</subfield>
</datafield>
<datafield tag="024" ind2=" " ind1="8">
<subfield code="a">1888-9751</subfield>
</datafield>
<datafield tag="024" ind2=" " ind1="8">
<subfield code="a">http://uvadoc.uva.es/handle/10324/9036</subfield>
</datafield>
<datafield tag="024" ind2=" " ind1="8">
<subfield code="a">197</subfield>
</datafield>
<datafield tag="024" ind2=" " ind1="8">
<subfield code="a">78</subfield>
</datafield>
<datafield tag="024" ind2=" " ind1="8">
<subfield code="a">216</subfield>
</datafield>
<datafield tag="024" ind2=" " ind1="8">
<subfield code="a">BSAA Arte: Boletín del Seminario de Estudios de Arte</subfield>
</datafield>
<datafield ind1=" " ind2=" " tag="653">
<subfield code="a">Arte</subfield>
</datafield>
<datafield tag="245" ind1="0" ind2="0">
<subfield code="a">El "Templo de la Fama": una arquitectura efímera para la proclamación de Fernando VII en Valladolid</subfield>
</datafield>
</record></metadata></record></GetRecord></OAI-PMH>